| 000 | 00493nam a2200169Ia 4500 | ||
|---|---|---|---|
| 008 | 230917s9999||||xx |||||||||||||| ||und|| | ||
| 020 | _cRS135 | ||
| 040 |
_e233017 _aMAIN |
||
| 041 | _aEnglish | ||
| 082 | _a346.04 G949L | ||
| 100 | _aGujar, Suryakant Mahadeo | ||
| 245 | 0 | _aLectures on properly law transfer or property easement and equity | |
| 260 |
_aNew Delhi _bKamal Publishers _c2016 |
||
| 300 | _a228 p. | ||
| 500 | _a2320 06/05/2016 HBD16/6563 22/06/2016 Main Budget | ||
| 942 | _cBK | ||
| 999 |
_c18591 _d18591 |
||